The Psychological Risks in the Workplace of Public Companies and the Role of Counselling as a Potential Intervention (Record no. 8741)
[ view plain ]
| 000 -LEADER | |
|---|---|
| fixed length control field | 01146cam a22001814a 4500 |
| 005 - ΗΜΕΡΟΜΗΝΙΑ ΚΑΙ ΩΡΑ ΤΕΛΕΥΤΑΙΑΣ ΕΝΗΜΕΡΩΣΗΣ | |
| Πεδίο ελέγχου | 20250605164345.0 |
| 008 - FIXED-LENGTH DATA ELEMENTS--GENERAL INFORMATION | |
| Πεδίο ελέγχου σταθερού μήκους | 250528s ||||||||||||||||||||||||d |
| 035 ## - SYSTEM CONTROL NUMBER | |
| System control number | 23807 |
| 040 ## - ΠΗΓΗ ΚΑΤΑΛΟΓΟΓΡΑΦΗΣΗΣ | |
| Φορέας πρωτότυπης καταλογογράφησης | MC Athens Campus Library |
| Γλώσσα καταλογογράφησης | Ελληνικά, Μοντέρνα (1453-) |
| Modifying agency | MC Athens Campus Library |
| Κανόνες περιγραφικής καταλογογράφησης | AACR2 |
| 245 1# - ΤΙΤΛΟΣ ΚΑΙ ΔΗΛΩΣΗ ΥΠΕΥΘΥΝΟΤΗΤΑΣ | |
| Τίτλος | The Psychological Risks in the Workplace of Public Companies and the Role of Counselling as a Potential Intervention |
| 260 ## - PUBLICATION, DISTRIBUTION, ETC. | |
| Date of publication, distribution, etc. | 2017 |
| 300 ## - PHYSICAL DESCRIPTION | |
| Extent | 100 |
| 520 ## - SUMMARY, ETC. | |
| Summary, etc. | Acknowledgements, Abstract, Introduction, Literature Review, Workplace Counselling, Research on Attitudes Towards Workplace Counselling, Research Rationale, The Case of the Large Public Company, Research Question, Methodology, Research Design, Participants, Survey Materials, Measuring Psychological Risks (PRIWA), Measuring the Attitudes Towards Counselling (ATSPPHSSF), Socio-Demographic Data, Recruitment, Data Collection, Response Rate, Ethical Considerations, Data Analysis, Results, Discussion, Results, Limitations, Critique of my Work, Implications for Practice, Indications for Further Research, Conclusions, References, Appendices. |
| 700 1# - ΠΡΟΣΘΕΤΗ ΑΝΑΓΡΑΦΗ--ΦΥΣΙΚΟ ΠΡΟΣΩΠΟ | |
| Personal name | Stamoulos Georgios |
| 9 (RLIN) | 9336 |
| 942 ## - ADDED ENTRY ELEMENTS (KOHA) | |
| Koha item type | Διπλωματική εργασία |
| Τύπος τεκμηρίου | Βιβλιοθήκη | Τρέχουσα τοποθεσία | Barcode | Ημερομηνία απόκτησης | Ταξιθετικό σύμβολο | Αριθμός αντιτύπου | Κατάσταση απόσυρσης | Κατάσταση χαμένου | Κατάσταση κατεστραμμένου | Μη δανεισμός | Σύνολο δανεισμών | Ημερομηνία τελευταίας εμφάνισης | Η τιμή ισχύει από |
|---|---|---|---|---|---|---|---|---|---|---|---|---|---|
| Διπλωματική εργασία | MC Athens Campus Library | MC Athens Campus Library | 9780000087409 | 05/06/2025 | PSY 2017 (31) | 1 | 05/06/2025 | 05/06/2025 |